00713nam a2200265Ia 4500008004100000020001600041050000900057050001400066100002200080245002500102245004100127245002900168260001400197260002500211260000900236300001600245300003400261300001100295440002400306440001100330500002000341650003900361650002500400700002200425170203s9999 xx 000 0 und d a0 717295680 a0 30 bT374 2001 aFlanders, Julian. 4aThe story of music : bMusical instruments and technology / ceditor, Julian Flanders. aDanbury : bBrown Partworks Ltd. c2001 a80 pages :  billustrations (some color) ;  c29 cm. aThe Story of Music. vvol. 9 aIncludes index. aMusic -- History and criticism --  xJuvenile literature. a0 717295591 (set)